[Event "ch-Siberia"]
[Site "Novokuznetsk RUS"]
[Date "2008.03.17"]
[Round "5"]
[White "Karpov,I"]
[Black "Shirokov,A"]
[Result "0-1"]
[WhiteElo "2277"]
[BlackElo "2159"]

1.d4 Nf6 2.c4 e6 3.Nf3 Bb4+ 4.Bd2 Qe7 5.g3 Bxd2+ 6.Nbxd2 d6 7.Bg2 e5 8.Qb3 O-O
9.O-O Nc6 10.d5 Nb8 11.Qc3 a5 12.b3 Bg4 13.h3 Bxf3 14.Nxf3 Nbd7 15.Rfe1 g6
16.a3 Ne4 17.Qc2 f5 18.b4 b6 19.Nd2 Nxd2 20.Qxd2 e4 21.f4 Qf6 22.Ra2 axb4
23.axb4 Rxa2 24.Qxa2 Qc3 25.Rb1 Qxg3 26.Qd2 Ra8 27.Kh1 Ra3 28.Rc1 Qb3 29.b5 Ra2
30.Qe1 Qb2 31.Bf1 e3 32.Qc3 Qd2 33.Kg2 h6 34.Kf3 g5 35.Qxe3 Qxe3+ 36.Kxe3 Ra3+
37.Kd4 gxf4 38.Bg2 Ne5 39.h4 Rg3 40.Bf3 Rh3 41.h5 Nxf3+ 42.exf3 Rxf3 43.Ra1 Rg3  0-1

[Event "ch-Siberia"]
[Site "Novokuznetsk RUS"]
[Date "2008.03.18"]
[Round "6"]
[White "Iskusnyh,S"]
[Black "Zablotsky,S"]
[Result "1/2-1/2"]
[WhiteElo "2478"]
[BlackElo "2515"]

1.d4 Nf6 2.c4 e6 3.Nf3 Bb4+ 4.Bd2 a5 5.Nc3 O-O 6.Bg5 h6 7.Bh4 d5 8.e3 Nbd7
9.cxd5 exd5 10.Be2 Re8 11.O-O c6 12.Qc2 Be7 13.Bg3 Bf8 14.h3 Qe7 15.Nd2 Qe6
16.Rfe1 Bd6 17.Bxd6 Qxd6 18.e4 dxe4 19.Ncxe4 Nxe4 20.Nxe4 Qf8 21.Bc4 Rd8
22.a3 Nb6 23.Ba2 Nd5 24.Rad1 Bf5 25.Nf6+ Nxf6 26.Qxf5 Qd6 27.Re5 b6 28.Rde1 Ra7
29.d5 Kf8 30.dxc6 Qxc6 31.R5e2 Rc7 32.Bb3 Qc5 33.Qf4 Rcd7 34.Rc2 Qd6 35.Qxd6+ Rxd6
36.Rc7 R8d7 37.Rc8+ Rd8 38.Rc7 R8d7 39.Rec1 Rxc7 40.Rxc7 Nd7 41.Rc2 Nc5 42.Bc4 Rd1+
43.Kh2 Ke7 44.b4 axb4 45.axb4 Ne6 46.Ra2 Rd4 47.Rc2  1/2-1/2

[Event "67th ch-GEO KO"]
[Site "Tbilisi GEO"]
[Date "2008.03.18"]
[Round "2.1"]
[White "Benidze,D"]
[Black "Supatashvili,K"]
[Result "1/2-1/2"]
[WhiteElo "2359"]
[BlackElo "2466"]

1.d4 Nf6 2.c4 e6 3.Nf3 Bb4+ 4.Bd2 Bxd2+ 5.Qxd2 d5 6.Nc3 O-O 7.e3 Qe7 8.Rc1 Rd8
9.Qc2 dxc4 10.Bxc4 c5 11.O-O cxd4 12.Nxd4 Bd7 13.Qb3 Be8 14.Bb5 Nbd7 15.Rfd1 g6
16.h3 a6 17.Bxd7 Rxd7 18.Na4 Rc7 19.Nb6 Rd8 20.Nf3 Rxd1+ 21.Rxd1 Bc6 22.Ne5 Be4
23.Nec4 Nd5 24.Rd4 Nxb6 25.Rxe4 Nxc4  1/2-1/2

[Event "Romanian Young Int"]
[Site "Bucharest ROM"]
[Date "2008.03.19"]
[Round "6"]
[White "Georgescu,T"]
[Black "Padurariu,I"]
[Result "1-0"]
[WhiteElo "2356"]
[BlackElo "2243"]

1.Nf3 Nf6 2.c4 e6 3.d4 Bb4+ 4.Bd2 Qe7 5.g3 Nc6 6.Bg2 O-O 7.O-O Bxd2 8.Nbxd2 d6
9.e4 e5 10.d5 Nb8 11.Ne1 a5 12.Nd3 Na6 13.Qc2 Ne8 14.f4 Nc5 15.Nxc5 dxc5
16.fxe5 Qxe5 17.Nf3 Qh5 18.Qf2 b6 19.e5 f6 20.e6 Nd6 21.Nd2 Ba6 22.b3 a4
23.Ne4 Rae8 24.Rae1 Re7 25.Qf4 Nxe4 26.Bxe4 Rd8 27.g4 Qg5 28.Qxg5 fxg5 29.Rf5 h6
30.Ref1 axb3 31.axb3 Bc8 32.Rf7 Rde8 33.Rxe7 Rxe7 34.Ra1  1-0

[Event "9th North American Inv"]
[Site "Chicago USA"]
[Date "2008.03.22"]
[Round "1"]
[White "Tsyganov,I"]
[Black "Arjun,V"]
[Result "1/2-1/2"]
[WhiteElo "2260"]
[BlackElo "2392"]

1.d4 Nf6 2.Nf3 e6 3.c4 Bb4+ 4.Bd2 Qe7 5.g3 Nc6 6.Bg2 Bxd2+ 7.Nbxd2 d6 8.O-O a5
9.e4 e5 10.d5 Nb8 11.Ne1 h5 12.h4 O-O 13.Nd3 Bg4 14.Qe1 Na6 15.f3 Bd7 16.f4 Nb4
17.fxe5 dxe5 18.Nxb4 axb4 19.Nb3 b6 20.Bf3 Ba4 21.Nc1 c5 22.b3 Bd7 23.Rb1 g6
24.Rb2 Ne8 25.Qe3 f6 26.Nd3 Nd6 27.Re1 Rae8 28.Rg2 Bh3 29.Rh2 Bd7 30.Rg2 Bh3
31.Rh2 Bd7  1/2-1/2

[Event "9th North American Inv"]
[Site "Chicago USA"]
[Date "2008.03.22"]
[Round "2"]
[White "Amanov,M"]
[Black "Shankar,G"]
[Result "1/2-1/2"]
[WhiteElo "2403"]
[BlackElo "2219"]

1.d4 Nf6 2.c4 e6 3.Nf3 Bb4+ 4.Bd2 Qe7 5.e3 Bxd2+ 6.Nbxd2 d6 7.Be2 e5 8.dxe5 dxe5
9.O-O O-O 10.Qc2 Bg4 11.Ne4 Nxe4 12.Qxe4 Bxf3 13.Bxf3 c6 14.Rfd1 Nd7 15.Qc2 Nf6
16.Rd2 Rfd8 17.Rad1 Kf8 18.g4 h6 19.h4 Ng8 20.Qf5 Rxd2 21.Rxd2 g6 22.Qd7 Nf6
23.Qxe7+ Kxe7 24.Kg2 Rd8 25.Rxd8 Kxd8 26.Kg3 g5 27.Bg2 e4 28.f4 exf3 29.Bxf3 Ke7
30.hxg5 hxg5  1/2-1/2

[Event "SCT Ladies Open"]
[Site "Stockholm SWE"]
[Date "2008.03.22"]
[Round "4"]
[White "Gromova,I"]
[Black "Khurtsilava,I"]
[Result "1-0"]
[WhiteElo "2219"]
[BlackElo "2312"]

1.d4 Nf6 2.c4 e6 3.Nf3 Bb4+ 4.Bd2 Qe7 5.g3 O-O 6.Bg2 Bxd2+ 7.Nbxd2 d6 8.O-O e5
9.e4 c5 10.d5 Nh5 11.Rb1 a5 12.a3 Na6 13.Nb3 Nc7 14.Nxe5 Qxe5 15.f4 Nxf4
16.gxf4 Qf6 17.Qe1 a4 18.e5 Qg6 19.Nd2 Re8 20.b4 axb3 21.Rxb3 h5 22.Kh1 Qh6
23.Qf2 f5 24.Rb6 Ra6 25.Rfb1 h4 26.exd6 Rf8 27.Qxc5 Rxb6 28.Qxb6 h3 29.Bf3 Qxf4
30.dxc7 Qxd2 31.d6 Re8 32.Rd1 Qc3 33.Qf2 g5 34.Rg1 g4 35.Bd5+ Kg7 36.Qh4 Qd2
37.Qxh3 b5 38.Qh5 bxc4 39.Qf7+ Kh6 40.d7 Bxd7 41.Qxd7 c3 42.Qxf5 c2 43.Qf6+ Kh7
44.Qh4+  1-0

[Event "15th Belisce Metalis Open"]
[Site "Bizovac CRO"]
[Date "2008.03.23"]
[Round "5"]
[White "Matko,O"]
[Black "Grecescu,G"]
[Result "1/2-1/2"]
[WhiteElo "2213"]
[BlackElo "2383"]

1.d4 Nf6 2.c4 e6 3.Nf3 Bb4+ 4.Bd2 Qe7 5.a3 Bxd2+ 6.Qxd2 d6 7.Nc3 O-O 8.e4 e5
9.dxe5 dxe5 10.Rd1 Bg4 11.Be2 Bxf3 12.Bxf3 Nc6 13.O-O Nd4 14.Qe3 c6 15.Ne2 Ne6
16.Rd2 Rfd8 17.Rfd1 Rxd2 18.Rxd2 Rd8 19.h4 b6 20.Rd3 Rxd3 21.Qxd3 Nc5 22.Qe3 Ne8
23.h5 Nd6 24.b3 h6 25.Ng3 Ne6 26.Bg4 Nd4 27.Ne2 c5 28.Nc3 Qh4 29.Bd1 Nb7
30.Nd5 Nd8 31.b4 N8e6 32.b5 Nf4 33.g3 Nxd5 34.exd5 Qe7 35.a4 f5 36.Kg2 Kf7
37.Kg1 Qf6 38.Kg2 Ke7 39.Kg1 Kd6 40.Kg2 Qg5 41.f4 Qf6 42.fxe5+ Qxe5 43.Qf4 Qxf4
44.gxf4 Ke7 45.Kg3 Kd8 46.Kf2 Kc7 47.Ke3 Kb7 48.Kd2 a6 49.Ke3 axb5 50.axb5 Kc7
51.Kd2 Kd6 52.Ke3 Ke7 53.Kf2 Kf6 54.Kg3 Ke7 55.Kf2 Kd6 56.Ke3  1/2-1/2

[Event "ch-TUR"]
[Site "Ankara TUR"]
[Date "2008.03.24"]
[Round "2"]
[White "Dogan,A"]
[Black "Ataman,A"]
[Result "0-1"]
[WhiteElo "1978"]
[BlackElo "2209"]

1.d4 Nf6 2.c4 e6 3.Nf3 Bb4+ 4.Bd2 Qe7 5.g3 Nc6 6.Bg2 Bxd2+ 7.Qxd2 d6 8.O-O a5
9.Nc3 O-O 10.b3 e5 11.e3 h6 12.a3 e4 13.Ne1 Re8 14.h3 Bf5 15.Nc2 Qd7 16.Kh2 Nh7
17.Ne2 Ng5 18.g4 Bh7 19.Ng3 f5 20.h4 Nf3+ 21.Bxf3 exf3 22.gxf5 Bxf5 23.Rh1 Be4
24.Ne1 Qg4 25.Nd3 Ne7 26.Nf4 Nf5 27.Rhg1 Qxh4+ 28.Nh3 Re6 29.Nxe4 Rxe4 30.Rg6 Qxh3+  0-1

[Event "Spring Festival"]
[Site "Budapest HUN"]
[Date "2008.03.26"]
[Round "6"]
[White "Lacrosse,M"]
[Black "Winfridsson,O"]
[Result "1-0"]
[WhiteElo "2259"]
[BlackElo "2108"]

1.d4 Nf6 2.c4 e6 3.Nf3 Bb4+ 4.Bd2 Qe7 5.g3 O-O 6.Bg2 Bxd2+ 7.Qxd2 Ne4 8.Qc2 f5
9.O-O d6 10.Nc3 Nxc3 11.Qxc3 Nc6 12.Rac1 e5 13.d5 Nb8 14.c5 Na6 15.b4 e4
16.Nd4 dxc5 17.bxc5 Qe5 18.Qc4 Rd8 19.Rfd1 Kh8 20.Nb3 b6 21.c6 Nb8 22.d6 Rxd6
23.Qf7 Qe6 24.Qxc7 Rxd1+ 25.Rxd1 Nxc6 26.Qxc6  1-0

[Event "Spring Open"]
[Site "Belgrade SCG"]
[Date "2008.03.28"]
[Round "4"]
[White "Andric,V"]
[Black "Danojlic,P"]
[Result "1-0"]
[WhiteElo "2115"]
[BlackElo "1897"]

1.d4 Nf6 2.c4 e6 3.Nf3 Bb4+ 4.Bd2 Be7 5.Nc3 b6 6.e4 Bb7 7.Bd3 O-O 8.Qc2 h6
9.g4 g5 10.h4 Nxg4 11.Rg1 f5 12.hxg5 h5 13.d5 f4 14.Rh1 Qe8 15.e5 Bc5 16.Ne4 Qe7
17.Nf6+ Rxf6 18.gxf6 Bxf2+ 19.Ke2 Qc5 20.b4 Qf8 21.Rxh5 Nxf6 22.Bh7+ Kf7
23.Qg6+ Ke7 24.exf6+ Qxf6 25.Qxf6+ Kxf6 26.Kxf2 d6 27.Rh6+ Kg7 28.Rg6+  1-0

[Event "9th North American Inv"]
[Site "Chicago USA"]
[Date "2008.03.28"]
[Round "9"]
[White "Chow,A"]
[Black "Tsyganov,I"]
[Result "1/2-1/2"]
[WhiteElo "2208"]
[BlackElo "2260"]

1.d4 Nf6 2.c4 e6 3.Nf3 Bb4+ 4.Bd2 Qe7 5.g3 Nc6 6.Nc3 O-O 7.Bg2 Bxc3 8.Bxc3 Ne4
9.Rc1 d6 10.d5 Nxc3 11.Rxc3 Nd8 12.dxe6 Nxe6 13.O-O  1/2-1/2

[Event "Spring Open"]
[Site "Belgrade SCG"]
[Date "2008.03.29"]
[Round "5"]
[White "Jovanovic,Miro2"]
[Black "Mrsa,F"]
[Result "0-1"]
[WhiteElo "2064"]
[BlackElo "2220"]

1.d4 Nf6 2.c4 e6 3.Nf3 Bb4+ 4.Bd2 Qe7 5.a3 Bxd2+ 6.Qxd2 d6 7.Nc3 O-O 8.g3 e5
9.dxe5 dxe5 10.e4 Bg4 11.Bg2 Bxf3 12.Bxf3 Nc6 13.O-O Nd4 14.Bd1 Rad8 15.Qe3 Qe6
16.b3 a6 17.Rc1 c6 18.Na4 b5 19.Nc5 Qe7 20.b4 a5 21.cxb5 axb4 22.axb4 cxb5
23.Be2 Ne8 24.Rfd1 Nd6 25.Bf1 f5 26.exf5 N6xf5 27.Qe4 Nd6 28.Qe3 Rf3 29.Qe1 Rxg3+
30.hxg3 Nf3+ 31.Kg2 Nxe1+ 32.Rxe1 Rf8 33.Rc2 e4 34.Re3 Qf7 35.Rce2 Qd5 36.Kg1 Nf5
37.Rxe4 Nd4 38.R2e3 Nf3+ 39.Kg2 Ng5 40.Bxb5 Nxe4 41.Rxe4 Qd2 42.Bc4+ Kh8
43.Be2 g6 44.f3 Rb8 45.Nd3 Rd8 46.Nf4 Rb8 47.Nd3 Kg7 48.Kh3 Rb7 49.Kg4 h6
50.Kh3 Rb5 51.Re7+ Kf6 52.Re4 Rh5+ 53.Kg2 Rd5 54.Nf2 Rd4 55.b5 Kf7 56.Re5 Qb2
57.f4 Kg7 58.Re7+ Kf8 59.Re5 Rd2 60.Kf3 h5 61.Re3 Qb4 62.Re4 Qc3+ 63.Re3 Qb4
64.Re5 Rd4 65.Kg2 h4 66.gxh4 Qd2 67.Nh3 Rb4 68.Kf2 Rb1 69.Re3 Qc1 70.Kf3  0-1

[Event "67th ch-GEO KO 3rd-4th"]
[Site "Tbilisi GEO"]
[Date "2008.03.30"]
[Round "5.3"]
[White "Mchedlishvili,M"]
[Black "Shanava,K"]
[Result "1/2-1/2"]
[WhiteElo "2635"]
[BlackElo "2521"]

1.d4 Nf6 2.c4 e6 3.Nf3 Bb4+ 4.Bd2 Qe7 5.g3 O-O 6.Bg2 Bxd2+ 7.Qxd2 d6 8.Nc3 Re8
9.O-O e5 10.e4 Bg4 11.Ne1 Nc6 12.Nc2 Nxd4 13.Nxd4 exd4 14.Qxd4 Qe5 15.Qd3 Qh5
16.f3 Bh3 17.Qd4 Bxg2 18.Kxg2 Qe5 19.Rfd1 Qxd4 20.Rxd4 Nd7 21.Nd5 Rac8 22.Rad1 Kf8
23.Kf2 Ne5 24.Ne3 a5 25.Rc1 b6 26.Nd5  1/2-1/2

[Event "TCh-RUS w"]
[Site "Dagomys RUS"]
[Date "2008.04.02"]
[Round "1"]
[White "Shumiakina,T"]
[Black "Zaiatz,E"]
[Result "1-0"]
[WhiteElo "2360"]
[BlackElo "2366"]

1.d4 Nf6 2.c4 e6 3.Nf3 Bb4+ 4.Bd2 a5 5.g3 d5 6.Qc2 c6 7.Bg2 b6 8.O-O Ba6
9.Bxb4 axb4 10.Nbd2 Nbd7 11.a3 bxa3 12.Rxa3 Bb7 13.Rfa1 Rxa3 14.Rxa3 O-O
15.b4 dxc4 16.Qxc4 Qb8 17.Ne1 e5 18.Nd3 exd4 19.Qxd4 Re8 20.e3 Rd8 21.Qf4 Qxf4
22.gxf4 Nb8 23.b5 Kf8 24.Nf1 Nd5 25.Ra7 Bc8 26.Ne5 f6 27.Nxc6 Nxc6 28.bxc6 Be6
29.f5 Bc8 30.c7 Nxc7 31.Rxc7 Bxf5 32.Rb7 Rd6 33.h3 Bd7 34.Ng3 Rd1+ 35.Kh2 b5
36.Ne2 Ke8 37.Nd4 Rd2 38.Kg3 Rb2 39.Bd5 g6 40.Ne6 Rd2 41.Nd4 h5 42.Bf7+ Kxf7
43.Rxd7+ Ke8 44.Rb7 b4 45.Rxb4 Ke7 46.Rb7+ Kd6 47.Rf7  1-0

[Event "ch-TUR"]
[Site "Ankara TUR"]
[Date "2008.04.03"]
[Round "12"]
[White "Buker,M"]
[Black "Ataman,A"]
[Result "1-0"]
[WhiteElo "2166"]
[BlackElo "2209"]

1.d4 Nf6 2.c4 e6 3.Nf3 Bb4+ 4.Bd2 Qe7 5.a3 Bxd2+ 6.Nbxd2 d6 7.e4 e5 8.d5 a5
9.Bd3 O-O 10.b4 c6 11.O-O Na6 12.Qb3 Bg4 13.Rfc1 axb4 14.axb4 c5 15.b5 Nb4
16.Ne1 Nh5 17.h3 Bxh3 18.Bf1 Bg4 19.Nc2 Nxc2 20.Qxc2 Nf4 21.b6 Qg5 22.g3 Nh3+
23.Bxh3 Bxh3 24.Ra7 Rab8 25.Rca1 f5 26.exf5 Bxf5 27.Ne4 Bxe4 28.Qxe4 Qd2
29.R7a2 Qd4 30.Qxd4 cxd4 31.Rc1 Rf3 32.c5 dxc5 33.Rxc5 Rf6 34.Rb2 Rd6 35.Kf1 Kf7
36.Ke2 Kf6 37.Kd3 Kf5 38.Kc4 Rbd8 39.f3 h5 40.Rbb5 e4 41.fxe4+ Kxe4 42.Rc7 R8d7
43.Rxd7 Rxd7 44.Rb1 d3 45.Rd1 Rd6 46.Rxd3 Rxb6 47.Kc5 Ra6 48.Rd1 Ke5 49.Re1+ Kf6
50.d6 Ra5+ 51.Kb6 Rd5 52.Kc7 g5 53.d7 h4 54.g4 h3 55.d8=Q+ Rxd8 56.Kxd8 h2
57.Kd7 h1=Q 58.Rxh1 Ke5 59.Rb1 Kf4 60.Rb4+  1-0

[Event "Gausdal Classics GMB"]
[Site "Gausdal NOR"]
[Date "2008.04.16"]
[Round "9"]
[White "Groffen,H"]
[Black "Vovk,Ok"]
[Result "1/2-1/2"]
[WhiteElo "2220"]
[BlackElo "2166"]

1.d4 e6 2.Nf3 Nf6 3.c4 Bb4+ 4.Bd2 Qe7 5.g3 O-O 6.Bg2 Bxd2+ 7.Nbxd2 d6 8.Qc2 e5
9.d5 e4 10.Nd4 e3 11.Ne4 exf2+ 12.Nxf2 Nbd7 13.O-O Ne5 14.Rae1 Bd7 15.e4 Nfg4
16.Nd1 Qg5 17.Qc3 h5 18.Nf5 g6 19.h4 Qd8 20.Nd4 c5 21.Nc2 b5 22.b3 bxc4 23.bxc4 Rb8
24.Nde3 Nxe3 25.Nxe3 Rb4 26.Rf4 Qe7 27.Bf1 Rfb8 28.Be2 Rb2 29.Qa3 R8b7 30.Bd1 R2b4
31.Ref1 Bh3 32.R1f2 Nxc4 33.Nxc4 Rxc4 34.Qe3 f5 35.e5 Rxf4 36.gxf4 Bg4 37.Bb3 Rb4
38.Rc2 Re4 39.Qf2 Bd1 40.Rxc5 Bxb3 41.Rc8+ Kh7 42.axb3 Qb7 43.Re8 dxe5 44.fxe5 Qf7
45.Ra8 Rxe5 46.Qd4 Re8 47.Rxa7 Re7 48.Rxe7 Qxe7 49.Kf1 Qa3 50.Qc3 Qd6 51.Qd4 Qa3
52.d6 Qxb3 53.d7 Qf3+ 54.Ke1 Qg3+ 55.Ke2 Qg2+ 56.Kd3 Qf3+ 57.Kc4 Qc6+ 58.Kb4 Qb7+
59.Ka5 Qc7+ 60.Ka6 Qc6+ 61.Ka7 Qc7+ 62.Ka8 Qd8+ 63.Kb7 Kg8 64.Qd5+ Kf8 65.Qd6+  1/2-1/2

[Event "Open"]
[Site "Senj CRO"]
[Date "2008.04.16"]
[Round "1"]
[White "Savic,Miro"]
[Black "Drazic,S"]
[Result "0-1"]
[WhiteElo "2314"]
[BlackElo "2497"]

1.d4 Nf6 2.c4 e6 3.Nf3 Bb4+ 4.Bd2 c5 5.Bxb4 cxb4 6.Nbd2 O-O 7.e3 b6 8.Rc1 Bb7
9.Bd3 d6 10.O-O Qe7 11.Qc2 Nbd7 12.Ng5 h6 13.Nge4 Rfc8 14.f3 a5 15.Nxf6+ Nxf6
16.Qd1 Rc7 17.Qe2 Rac8 18.Rcd1 e5 19.d5 Re8 20.Qf2 Nd7 21.b3 Nc5 22.Bb1 Ba6
23.Rc1 b5 24.Rfd1 g6 25.Qg3 Kh7 26.h4 h5 27.Re1 f5 28.Qh3 Rf8 29.Rf1 bxc4
30.bxc4 Bc8 31.g4 fxg4 32.fxg4 Bxg4 33.Qg3 Rcc8 34.Nf3 Kg7 35.Nh2 Qd7 36.Kg2 a4
37.Bc2 b3 38.axb3 axb3 39.Bb1 Rb8 40.Nxg4 Qxg4 41.Qxg4 hxg4 42.Kg3 Rxf1 43.Rxf1 Rb4
44.Rc1 Na4 45.Kxg4 Nb6  0-1

[Event "26th Metz Open"]
[Site "Metz St Symphorien FRA"]
[Date "2008.04.22"]
[Round "4"]
[White "Wirig,A"]
[Black "Eingorn,V"]
[Result "1/2-1/2"]
[WhiteElo "2477"]
[BlackElo "2557"]

1.d4 Nf6 2.Nf3 e6 3.c4 Bb4+ 4.Bd2 Bxd2+ 5.Qxd2 d5 6.Nc3 O-O 7.e3 Nbd7 8.Rc1 c6
9.Bd3 Qe7 10.cxd5 exd5 11.O-O Ne4 12.Qc2 Re8 13.Rce1 Ndf6 14.Ne5 Bf5 15.Nxe4 Bxe4
16.Bxe4 Nxe4 17.Nf3 Rad8 18.Nd2 Rd6 19.Nxe4 dxe4 20.Qc5 b6 21.Qc4 Qd7 22.Rc1 h6
23.b4 Ree6 24.f4 exf3 25.Rxf3 Re7 26.a4 Rde6 27.Rc3 Rg6 28.h3 Ree6 29.b5 Kh7
30.Qf1 Kg8  1/2-1/2

[Event "ch-Odessa Region"]
[Site "Odessa UKR"]
[Date "2008.04.22"]
[Round "7"]
[White "Fiodorov,M"]
[Black "Aliferenko,A"]
[Result "1/2-1/2"]
[WhiteElo "2223"]
[BlackElo "2247"]

1.d4 Nf6 2.c4 e6 3.Nf3 Bb4+ 4.Bd2 Qe7 5.g3 b6 6.Bg2 Bb7 7.O-O Bxd2 8.Qxd2 d6
9.Nc3 Ne4 10.Nxe4 Bxe4 11.Ne1 Bxg2 12.Nxg2 Nd7  1/2-1/2

[Event "IX EICC"]
[Site "Plovdiv BUL"]
[Date "2008.04.24"]
[Round "4"]
[White "Efimov,Ig"]
[Black "Kuzubov,Y"]
[Result "1-0"]
[WhiteElo "2469"]
[BlackElo "2603"]

1.d4 Nf6 2.c4 e6 3.Nf3 Bb4+ 4.Bd2 c5 5.Bxb4 cxb4 6.g3 O-O 7.Bg2 d6 8.O-O a5
9.Ne1 Qc7 10.Nd2 e5 11.Nc2 Nc6 12.dxe5 dxe5 13.Ne3 Be6 14.Nd5 Bxd5 15.cxd5 Nd4
16.e3 Nb5 17.Rc1 Qe7 18.Qe2 Nd6 19.e4 Rac8 20.Bh3 Rc7 21.Qe3 h5 22.f3 h4
23.Kg2 Ra8 24.Qf2 Ra6 25.Rfe1 a4 26.Rxc7 Qxc7 27.f4 hxg3 28.hxg3 exf4 29.e5 Nxd5
30.exd6 Qxd6 31.Re8+ Kh7 32.Ne4 Qg6 33.Qc5 Qh5 34.g4 Rg6 35.Qc8 Ne3+ 36.Kg1  1-0

[Event "IX EICC"]
[Site "Plovdiv BUL"]
[Date "2008.04.25"]
[Round "5"]
[White "Morchiashvili,B"]
[Black "Badev,K"]
[Result "1/2-1/2"]
[WhiteElo "2421"]
[BlackElo "2311"]

1.d4 Nf6 2.c4 e6 3.Nf3 Bb4+ 4.Bd2 c5 5.Bxb4 cxb4 6.e3 O-O 7.Bd3 d6 8.O-O Nc6
9.Nbd2 e5 10.d5 Nb8 11.Qb3 a5 12.c5 dxc5 13.Nxe5 Qxd5 14.Qxd5 Nxd5 15.Rac1 Be6
16.Rxc5 f6 17.Bc4 Rd8 18.Nef3 Nc6 19.Nb3 Nde7 20.Nbd4 Nxd4 21.Nxd4 Bxc4 22.Rxc4 Nd5
23.Rfc1 Nb6 24.Rc7 Rdc8 25.g3 Rxc7 26.Rxc7 Na4 27.Rxb7 Nxb2 28.Ne6 Na4 29.Rxg7+ Kh8
30.Rd7 Nc3 31.Rd2 a4 32.Nd4 Rd8 33.Rc2 Rb8 34.Kg2 Rb6 35.Kf3 Kg7 36.Ne2 Nb5
37.Ke4 Na3 38.Rc7+ Kh6 39.Ra7 b3 40.axb3 Rb4+ 41.Kf3 Nc2 42.Nd4 Nxd4+ 43.exd4 axb3
44.Ra1 Rxd4 45.Ke3 Rb4 46.Kd3 b2 47.Rb1 Rb3+ 48.Kc2 Rf3 49.Rf1 Kg5 50.Kxb2 Kg4
51.Kc2 Kh3 52.Kd2 Kxh2 53.Ke2 Rf5 54.g4 Rf4 55.f3 Kg2 56.Rf2+ Kg3 57.Rf1 Ra4
58.Rh1 Kf4 59.Rxh7 Ra2+ 60.Kd1 Rf2 61.Rh6 Rxf3  1/2-1/2

[Event "Victory Day A"]
[Site "Moscow RUS"]
[Date "2008.04.29"]
[Round "6"]
[White "Reshetnikov,A"]
[Black "Paveliev,A"]
[Result "1/2-1/2"]
[WhiteElo "2402"]
[BlackElo "2392"]

1.d4 Nf6 2.Nf3 e6 3.c4 Bb4+ 4.Bd2 Bxd2+ 5.Nbxd2 d6 6.e3 Qe7 7.Bd3 e5 8.Qc2 Bg4
9.Bf5 Bxf5 10.Qxf5 Nbd7 11.O-O O-O 12.Rfd1 Rfe8 13.dxe5 Nxe5 14.Nxe5 Qxe5  1/2-1/2

[Event "IX EICC"]
[Site "Plovdiv BUL"]
[Date "2008.04.30"]
[Round "9"]
[White "Sanikidze,T"]
[Black "Golod,V"]
[Result "0-1"]
[WhiteElo "2458"]
[BlackElo "2606"]

1.d4 Nf6 2.c4 e6 3.Nf3 Bb4+ 4.Bd2 a5 5.Nc3 d5 6.cxd5 exd5 7.Bg5 c6 8.e3 Bf5
9.Bd3 Bxd3 10.Qxd3 Nbd7 11.O-O O-O 12.Nd2 Re8 13.Rad1 Bd6 14.g3 h6 15.Bxf6 Nxf6
16.e4 dxe4 17.Ndxe4 Bf8 18.Nxf6+ Qxf6 19.d5 Rad8 20.Qc4 cxd5 21.Rxd5 Bb4
22.Rfd1 Rc8 23.Qd4 Qxd4 24.R1xd4 b6 25.Ne4 Rc1+ 26.Kg2 Rb1 27.Rd8 Rxd8 28.Rxd8+ Kh7
29.a3 Be1 30.g4 a4 31.Rd7 Rxb2 32.Rxf7 b5 33.Ra7 Rb3 34.Nf6+ Kg6 35.Nh5 Bc3
36.f4 b4 37.axb4 a3 38.h4 Bd4 39.f5+ Kh7 40.Ra8 Rb2+ 41.Kf3 a2 42.Ke4 Bc3
43.Kd3 Be5 44.g5 hxg5 45.hxg5 Rg2 46.f6 gxf6 47.Nxf6+ Kg6 48.Nd5 Rg3+  0-1

[Event "26th Liechtenstein Open"]
[Site "Triesen LIE"]
[Date "2008.04.30"]
[Round "6"]
[White "Vilerte,T"]
[Black "Dittmar,P"]
[Result "0-1"]
[WhiteElo "2234"]
[BlackElo "2338"]

1.d4 Nf6 2.Nf3 e6 3.c4 Bb4+ 4.Bd2 Qe7 5.a3 Bxd2+ 6.Qxd2 O-O 7.Nc3 d6 8.e4 e5
9.dxe5 dxe5 10.Nd5 Qd8 11.O-O-O c6 12.Nc3 Qa5 13.Be2 Bg4 14.Nh4 Bxe2 15.Qxe2 Nbd7
16.Nf5 Nc5 17.Rd6 Ne6 18.Qe3 Rad8 19.Rhd1 Rxd6 20.Rxd6 Qc5 21.Qxc5 Nxc5 22.f3 Ne6
23.Ne2 g6 24.Ne3 a5 25.b3 Rc8 26.Kb2 Kf8 27.b4 Ke7 28.Rd1 Nd7 29.Kb3 h5 30.h4 Rf8
31.c5 axb4 32.axb4 b6 33.cxb6 Nxb6 34.Nc4 Nxc4 35.Kxc4 Ra8 36.Rb1 Ra2 37.Kd3 Kf6
38.Ke3 Kg7 39.g3 Ra3+ 40.Kf2 Ra2 41.Ke3 Kf6 42.Rc1 Ke7 43.f4 f6 44.Rc3 Rb2
45.Kf3 Kd6 46.Rc4 Rb3+ 47.Kf2 Nc7 48.Nc1 Ra3 49.f5 gxf5 50.exf5 Nd5 51.Re4 Ne7
52.g4 hxg4 53.Rxg4 Nxf5 54.h5 Rh3 55.Rg8 Rxh5 56.Rf8 Ke7 57.Rc8 Rh2+ 58.Kf3 Nd4+
59.Ke4 Rc2 60.b5 Rxc1  0-1

[Event "IX EICC"]
[Site "Plovdiv BUL"]
[Date "2008.05.01"]
[Round "10"]
[White "Khairullin,I"]
[Black "Kovacevic,A"]
[Result "1-0"]
[WhiteElo "2554"]
[BlackElo "2616"]

1.d4 Nf6 2.Nf3 e6 3.c4 Bb4+ 4.Bd2 c5 5.Bxb4 cxb4 6.g3 O-O 7.Bg2 d6 8.O-O a5
9.a3 bxa3 10.Nxa3 Nc6 11.Nb5 Nb4 12.Qd2 Qe7 13.Qf4 Rd8 14.e4 Nd3 15.Qe3 Nb4
16.e5 Ne8 17.exd6 Nxd6 18.Nxd6 Qxd6 19.Qe4 h6 20.Rfd1 Ra7 21.c5 Qc7 22.Qe5 Qe7
23.Qb8 Nc6 24.Qf4 Bd7 25.Nd2 Nb4 26.Qc7 Nc2 27.c6 Nxa1 28.Rxa1 Qe8 29.cxd7 Rxd7
30.Qc5 Ra6 31.h4 Qd8 32.Nf1 b6 33.Qc4 Raa7 34.Rd1 Rac7 35.Qa4 Qc8 36.Qb5 Rd6
37.Ne3 Rc1 38.Rxc1 Qxc1+ 39.Kh2 Kf8 40.d5 exd5 41.Bxd5 Qd2 42.Kg2 Qd4 43.Bf3 Re6
44.Nd5 Rd6 45.Ne3 Re6 46.b3 g6 47.h5 Re5 48.Qc6 Re6 49.Qc8+ Re8 50.Qc7 Re7
51.Qc2 Qd6 52.hxg6 fxg6 53.Qc4 h5 54.Bd5 Qf6 55.Qc8+ Kg7 56.Bc4 Qf8 57.Qc6 Qd8
58.Nd5 Rd7 59.Nf4  1-0

[Event "Father Ivan Cvitanovic Mem"]
[Site "Split CRO"]
[Date "2008.05.02"]
[Round "5"]
[White "Bilobrk,F"]
[Black "Polak,T"]
[Result "1/2-1/2"]
[WhiteElo "2370"]
[BlackElo "2553"]

1.d4 Nf6 2.c4 e6 3.Nf3 Bb4+ 4.Bd2 a5 5.Nc3 b6 6.g3 Bb7 7.Bg2 O-O 8.O-O d6
9.Rc1 h6 10.Qc2 Nbd7 11.Rfd1 Qb8 12.Be1 Rc8 13.Nh4 Bxg2 14.Nxg2 c6 15.Ne4 Nxe4
16.Qxe4 b5 17.c5 dxc5 18.Bxb4 Nf6 19.Qf3 axb4 20.Rxc5 Rxa2 21.Qb3 Ra4 22.Nf4 Qa8
23.Nd3 Rd8 24.Nxb4 Ne4 25.Rcc1 Rd6 26.f3 c5  1/2-1/2

[Event "Victory Day A"]
[Site "Moscow RUS"]
[Date "2008.05.03"]
[Round "10"]
[White "Gavrilov,Al1"]
[Black "Paveliev,A"]
[Result "1-0"]
[WhiteElo "2456"]
[BlackElo "2392"]

1.d4 Nf6 2.Nf3 e6 3.c4 Bb4+ 4.Bd2 Bxd2+ 5.Qxd2 d6 6.Nc3 Qe7 7.g3 O-O 8.Bg2 e5
9.O-O Nbd7 10.Rfd1 Nb6 11.b3 Bg4 12.Nh4 e4 13.Qf4 Rae8 14.Nxe4 Nxe4 15.Qxg4 Nf6
16.Qg5 h6 17.Qd2 Qxe2 18.Bxb7 Qg4 19.Bf3 Qh3 20.Qf4 Nbd7 21.Re1 g5 22.Qf5 Qxf5
23.Nxf5 Kh7 24.Ne7 c5 25.Nf5 cxd4 26.Nxd4 Ne5 27.Bg2 Nd3 28.Red1 Nc5 29.Nb5 Re2
30.Nxd6 Rb2 31.h3 Rd8 32.Nxf7 Rxd1+ 33.Rxd1 Rxa2 34.Rd6 Kg7 35.Nxh6 Nce4
36.Nf5+ Kf7 37.Rd4 Nxf2 38.g4 Ke6 39.c5 Ke5 40.c6 Ne8 41.Rd7 Kf4 42.c7 Rc2
43.Nd4 Nxh3+ 44.Bxh3 Rc1+ 45.Kf2 Ke5 46.Nb5 Nf6 47.Re7+ Kf4 48.Nd6 Rc2+ 49.Ke1 Nd5
50.c8=Q Rxc8 51.Nxc8  1-0

[Event "FSGM May"]
[Site "Budapest HUN"]
[Date "2008.05.11"]
[Round "9"]
[White "Solomon,K"]
[Black "Ilincic,Z"]
[Result "1-0"]
[WhiteElo "2317"]
[BlackElo "2548"]

1.Nf3 Nf6 2.c4 e6 3.d4 Bb4+ 4.Bd2 c5 5.g3 d6 6.Bg2 Bxd2+ 7.Qxd2 Ne4 8.Qe3 Qa5+
9.Nbd2 f5 10.O-O cxd4 11.Qxd4 e5 12.Qd3 Nxd2 13.Nxd2 Qc7 14.c5 dxc5 15.Nc4 e4
16.Qd5 Ke7 17.Ne3 g6 18.f3 Be6 19.Qd2 Qe5 20.fxe4 fxe4 21.Rf4 Rd8 22.Qc3 Qxc3
23.bxc3 Nd7 24.Rxe4 Nf6 25.Re5 Rd2 26.Nc4 Rd5 27.Bxd5 Nxd5 28.Rd1 Rd8 29.Rxe6+ Kxe6
30.e4 Rd7 31.exd5+ Rxd5 32.Rxd5 Kxd5 33.Nd2 b5 34.Kf2 b4 35.cxb4 cxb4 36.Ke3 a5
37.Kd3 a4 38.Nc4 Kc5 39.Ne3 b3 40.a3 b2 41.Kc2 Kd4 42.Nd1  1-0

[Event "Kaupthing Open"]
[Site "Differdange LUX"]
[Date "2008.05.11"]
[Round "2"]
[White "Thorfinnsson,Br"]
[Black "Socko,M"]
[Result "0-1"]
[WhiteElo "2408"]
[BlackElo "2505"]

1.d4 Nf6 2.c4 e6 3.Nf3 Bb4+ 4.Bd2 a5 5.Qc2 d5 6.g3 c5 7.Bg2 cxd4 8.Nxd4 O-O
9.Bxb4 axb4 10.cxd5 Qb6 11.e3 exd5 12.Nd2 Bd7 13.O-O Rc8 14.Qb3 Nc6 15.N2f3 Na5
16.Qd3 Nc4 17.Rfb1 Qd6 18.Nf5 Qf8 19.h3 Ra5 20.g4 Bxf5 21.gxf5 Rca8 22.Nd4 Qd6
23.Nc2 Rxa2 24.Rxa2 Rxa2 25.Qb3 Ra5 26.Qxb4 Qxb4 27.Nxb4 Rb5 28.Nd3 Rb3 29.Nc5 Rxb2
30.Rxb2 Nxb2 31.Nxb7 Kf8 32.f4 Nd1 33.e4 Nxe4 34.Bxe4 dxe4 35.f6 gxf6 36.Nd6 Nc3
37.Kf2 Ke7 38.Nf5+ Ke6 39.Ng7+ Kd5 40.Nh5 Kd4 41.Nxf6 e3+ 42.Ke1 Nd5 43.Nxh7 Nxf4
44.Ng5 f6 45.Nf3+ Ke4 46.Ng1 Nd3+  0-1

[Event "43rd Capablanca Memorial Open"]
[Site "Havana CUB"]
[Date "2008.05.14"]
[Round "7"]
[White "Vilela de Acuna,J"]
[Black "Llaudy Pupo,L"]
[Result "1-0"]
[WhiteElo "2345"]
[BlackElo "2234"]

1.d4 Nf6 2.Nf3 e6 3.c4 Bb4+ 4.Bd2 Qe7 5.g3 O-O 6.Bg2 Bxd2+ 7.Qxd2 d6 8.Nc3 e5
9.O-O c6 10.e4 Bg4 11.Ne1 Be6 12.b3 a6 13.Nc2 a5 14.f4 exd4 15.Nxd4 Na6 16.Rfe1 Rad8
17.Nd5 Bxd5 18.exd5 Qc7 19.dxc6 d5 20.cxb7 dxc4 21.Rac1 Qb6 22.Rxc4 Rd7 23.Qc3 Rfd8
24.Rc6 Qa7 25.Kh1 Nb8 26.Rc5 Na6 27.Rxa5 Ng4 28.h3 Nf2+ 29.Kh2 Qb6 30.Nf5 f6
31.Qc4+  1-0